000 00960cam a2200325 a 4500
001 898380
003 ARRUPE
005 20150715142449.0
008 910122s1990 nyu b 001 0 eng
010 _a 90035000
020 _a0415901812 :
_c$35.00
020 _a0415901820 (pbk.) :
_c$13.95
035 _a(OCoLC)21374438
035 _a(OCoLC)ocm21374438
035 _a(CStRLIN)NYCG91-B4953
035 _a(NNC)898380
040 _aDLC
_cDLC
_dNSbSU
_dNNC
050 0 0 _aP95.55
_b.P48 1990
082 0 0 _a306.4/4
_220
090 _aP95.55
_b.P48 1990
100 1 _aPetrey, Sandy.
_918142
245 1 0 _aSpeech acts and literary theory /
_cSandy Petrey.
260 _aNew York :
_bRoutledge,
_c1990.
300 _a175 p. ;
_c24 cm.
504 _aIncludes bibliographical references (p. 167-172) and index.
650 0 _aSpeech acts (Linguistics)
_918143
650 0 _aLiterature
_xPhilosophy.
_911422
942 _2lcc
_cMONOGRAPH
999 _c122926
_d122926